Letná škola v Maďarsku na univerzite Széchenyi István Egyetem v Györi

Informácia o programe letnej školy v Györi, ktorá sa konala v dňnoch 13.-22. júla 2012.

Salvato in:
Dettagli Bibliografici
Autore principale: Janečková, Dominika
Natura: Capitolo di libro
Lingua:slovacco
Soggetti:
Tags: Aggiungi Tag
Nessun Tag, puoi essere il primo ad aggiungerne!!

MARC

LEADER 00000naa a2200000 4500
001 0165331
005 20231011114431.9
041 0 |a slo 
044 |a SK 
245 1 0 |a Letná škola v Maďarsku na univerzite Széchenyi István Egyetem v Györi  |c Dominika Janečková 
520 |a Informácia o programe letnej školy v Györi, ktorá sa konala v dňnoch 13.-22. júla 2012. 
610 2 0 |a veda ekonomická 
610 2 0 |a vzdelávanie 
610 2 0 |a Maďarsko 
610 2 0 |a efektívnosť 
610 2 0 |a Európska únia 
610 2 0 |a globalizácia 
100 1 |a Janečková, Dominika